[Event "Santo Tome op 6th"]
[Site "Santo Tome"]
[Date "2024.03.17"]
[Round "4"]
[White "Vera, Enzo Ariel"]
[Black "Sanita Arguello, Isabella"]
[Result "1-0"]
[WhiteElo "1729"]
[BlackElo "1625"]
[PlyCount "75"]
[EventDate "2024.03.16"]
[EventType "swiss"]
[EventRounds "6"]
[EventCountry "ARG"]
[SourceTitle "EXT 2025"]
[Source "ChessBase"]
[SourceDate "2024.10.14"]
[SourceVersion "1"]
[SourceVersionDate "2024.10.14"]
[SourceQuality "1"]

1. c4 e5 2. Nc3 Nf6 3. g3 Be7 4. Bg2 0-0 5. d3 c6 6. Nf3 Qc7 7. 0-0 d6 8. a3 h6 9. b4 Be6 10. Bb2 Nbd7 11. Rc1 a5 12. b5 Qb8 13. bxc6 bxc6 14. Rb1 Qc7 15. Nd2 d5 16. cxd5 cxd5 17. a4 Rfc8 18. Rc1 Qb6 19. Nb5 Rxc1 20. Qxc1 Nc5 21. Qa1 Ncd7 22. Bxe5 Nxe5 23. Qxe5 Rd8 24. Nf3 Bd6 25. Qb2 Bc5 26. e3 Bf5 27. Rd1 Bg4 28. h3 Bxf3 29. Bxf3 d4 30. e4 Nd7 31. Be2 Ne5 32. f4 Ng6 33. Qb3 Ne7 34. Rc1 Nc6 35. Qc4 Na7 36. Qxc5 Qxc5 37. Rxc5 Nxb5 38. Rxb5 1-0

[Event "Santo Tome op 6th"]
[Site "Santo Tome"]
[Date "2024.03.16"]
[Round "1"]
[White "Antoniazzi, Maximiliano"]
[Black "Vera, Enzo Ariel"]
[Result "1-0"]
[WhiteElo "1924"]
[BlackElo "1729"]
[PlyCount "53"]
[EventDate "2024.03.16"]
[EventType "swiss"]
[EventRounds "6"]
[EventCountry "ARG"]
[SourceTitle "EXT 2025"]
[Source "ChessBase"]
[SourceDate "2024.10.14"]
[SourceVersion "1"]
[SourceVersionDate "2024.10.14"]
[SourceQuality "1"]

1. e4 c5 2. Nf3 Nc6 3. d4 cxd4 4. Nxd4 e6 5. Be3 Nf6 6. Bd3 Be7 7. c4 Bb4+ 8. Nc3 Bxc3+ 9. bxc3 a6 10. 0-0 h6 11. f4 d6 12. c5 d5 13. e5 Nd7 14. Qh5 Nf8 15. g4 g6 16. Qh3 h5 17. Nxc6 bxc6 18. f5 Rg8 19. fxg6 Nxg6 20. Bxg6 fxg6 21. Rf6 Ra7 22. Raf1 Qa5 23. gxh5 gxh5+ 24. Kh1 Re7 25. Qxh5+ Kd7 26. Rf7 Rg7 27. Bg5 1-0